000
00317nam a2200133Ia 4500
008
241014s9999||||xx |||||||||||||| ||und||
020
_a
978-1-4160-4574-8
100
_a
"Hall,John E."
245
0
_a
T/B of Medical Physiology
250
_a
11th
260
_b
Elsevier
_c
2011
650
_a
Physiology
942
_b
DCOP
_c
BK
999
_c
4647
_d
4647